Countries Starting with B and their Capitals - Statistics

General Stats
  • This quiz has been taken 79 times
  • The average score is 26 of 35
Answer Stats
Country % Correct
Brazil
95%
Brasília
91%
Barbados
89%
Belgium
89%
Bolivia
89%
Brussels
89%
Bahamas
88%
Bulgaria
88%
Belize
84%
Bhutan
84%
Bosnia and Herzegovina
84%
Sofia
84%
Botswana
82%
Bahrain
80%
Brunei
79%
Burundi
79%
La Paz / Sucre
79%
Bangladesh
77%
Belarus
77%
Benin
77%
Nassau
77%
Minsk
73%
Sarajevo
73%
Bridgetown
71%
Dhaka
68%
Belmopan
66%
Burkina Faso
66%
Manama
59%
Gaborone
57%
Thimphu
57%
Bandar Seri Begawan
54%
Gitega
50%
Porto-Novo / Cotonou
48%
Ouagadougou
46%
Naypyidaw
45%
No matching quizzes found
Score Distribution
Percent of People with Each Score
Percentile by Number Answered
Your Score History
You have not taken this quiz